• 首页
  • 本馆介绍
  • 公告通知
  • 最新文献
  • 馆藏检索
  • 电子资源
  • 读者导购
  • 参考咨询
  • 我的图书馆
  • 登录
  • 详细信息显示
  • 放入我的书架
  • 预约/预借图书
  • 作者相关作品
  • 分类相关作品
  • 丛书相关作品
  • 出版社相关作品

书目信息

  • 表格格式
  • 工作单格式
  • 卡片格式
题名:
“大跃进”亲历记
    
 
作者: 王梦初 编
分册:  
出版信息: 北京   人民出版社  2008.11
页数: 286页
开本: 23cm
丛书名:
单 册:
中图分类: D651.9
科图分类:
主题词: 大跃进运动--中国--史料 , 大跃进运动
电子资源:
ISBN: 978-7-01-007380-4
000 00777nam0 2200241 450
001 010050001528
005 20120612085053.42
010    @a978-7-01-007380-4@dCNY38.00
100    @a20081115d2008 em y0chiy0110 ea
101 0  @achi
102    @aCN@b110000
105    @aa z 000yy
106    @ar
200 1  @a“大跃进”亲历记@9“ da yue jin” qin li ji@f王梦初编
210    @a北京@c人民出版社@d2008.11
215    @a286页@c图,照片@d23cm
330    @a本书内容包括:河北徐水县“大跃进”新历记;回忆“大跃进”中上山下乡演出;“大跃进”运动片断回忆;我所经历的“大跃进”运动等。
606 0  @a大跃进运动@y中国@x史料
606 0  @a大跃进运动
690    @aD651.9@v4
701  0 @a王梦初@9wang meng chu@4编
801  0 @aCN@bRENTIAN@c20081215
905    @b539509-13@dD651.9@e17@f5
    
    “大跃进”亲历记/王梦初编.-北京:人民出版社,2008.11
    286页:图,照片;23cm
    
    
    ISBN 978-7-01-007380-4:CNY38.00
    本书内容包括:河北徐水县“大跃进”新历记;回忆“大跃进”中上山下乡演出;“大跃进”运动片断回忆;我所经历的“大跃进”运动等。
●
相关链接 在E读中查询图书 在五车中查询图书 在当当中查询图书 在豆瓣中查询图书


正题名:"大跃进"亲历记     索取号:D651.9/17         预约/预借

序号 登录号 条形码 馆藏地/架位号 状态 备注
1 539509   205395099   第一样本阅览室/ [索取号:D651.9/17] 在馆    
2 539510   205395106   第一借阅区/ [索取号:D651.9/17] 在馆    
3 539511   205395115   第一借阅区/ [索取号:D651.9/17] 在馆    
4 539512   205395124   第一借阅区/ [索取号:D651.9/17] 在馆    
5 539513   205395133   第一借阅区/ [索取号:D651.9/17] 在馆    
唐山师范学院图书馆 欢迎您!
大连网信软件有限公司© 版权所有